| 000 | 00425nam a2200157Ia 4500 | ||
|---|---|---|---|
| 008 | 210716s2010 xx 000 0 und d | ||
| 020 | _a9788120340367 | ||
| 041 | _aeng | ||
| 082 | _a005.1331 DEIP | ||
| 100 | _aDeitel, P J;Deitel, H M. | ||
| 245 |
_aC++: how to program. _bHow to program. |
||
| 250 | _a7 | ||
| 260 |
_aNew Delhi _bPrentice Hall of India PVt Ltd _c2010 |
||
| 300 | _axlvii,1068 | ||
| 650 | _aC++ Progamming | ||
| 999 |
_c190820 _d190820 |
||